Ray Bradbury Novels Quiz Stats

 Plays Quiz Updated Apr 3, 2020

Support Sporcle.
Go Orange.
Score 0/12 Timer 05:00
0 Plays Today
Year Novel % Correct
1954Fahrenheit 451
89.8%
1962Something Wicked this Way Comes
58.6%
1957Dandelion Wine
46.9%
1972The Halloween Tree
21.7%
2006Farewell Summer
16.3%
1985Death is a Lonely Business
15.6%
1990A Graveyard for Lunatics: Another Tale of Two Cities
14.6%
1992Green Shadows, White Whale
13.9%
2002Let's All Kill Constance
13.9%
1999From the Dust Returned: A Family Remembrance
12.7%
1965Autumn People
11.4%
1998Ahmed and the Oblivion Machines: A Fable
7.8%

You're not logged in!

Compare scores with friends on all Sporcle quizzes.
OR
Log In

From the Vault

K-pop Song Title Match-Up

by babymonkee

"Magic Potato" should be a hit song, but alas... not yet.
Remove Ads.
Support Sporcle.
Get the best of Sporcle when you Go Orange. This ad-free experience offers more features, more stats, and more fun while also helping to support Sporcle. Thank you for becoming a member.

Show Comments

Extras

Top Quizzes Today


Score Distribution

Your Account Isn't Verified!

In order to create a playlist on Sporcle, you need to verify the email address you used during registration. Go to your Sporcle Settings to finish the process.

Report this User

Report this user for behavior that violates our Community Guidelines.

Details: